| 000 | 00396cam a2200169Ia 4500 | ||
|---|---|---|---|
| 020 | _a0697150976 | ||
| 040 | _cTWV | ||
| 082 | _a570 W.C.B 1993 A029 Or. | ||
| 100 | 1 | _aMader, Sylvia S | |
| 245 | 1 | 0 | _aBiology / |
| 250 | _a4th ed | ||
| 260 |
_aDubuque, Iowa : _bW. C. Brown, _cc1993 |
||
| 300 |
_a6 pts. : _bill. (some col.) ; _c28 cm |
||
| 650 | 0 | _aBiology | |
| 650 | 0 | _aBiology | |
| 942 | _cEK | ||
| 999 |
_c11521 _d11521 |
||